000 00789nam a2200193 i 4500
001 167628
003 ES-MaACL
005 20250905063054.0
008 021011s1858 fr |||| | fre d
040 _aCCPB | B
_bspa
_cCCPB | B
100 1 _aVillemain, Abel-François,
_d1791-1870
_9133764
245 1 0 _aM. de Chateaubriand
_b: sa vie, ses écrits, son influence litteraire et politique sur son temps /
_cpar M. Villemain.
260 _aParis :
_bMichel Lévy, frères, libraires-éditeurs,
_c1858.
300 _a1 v. ;
_c22 cm.
505 8 _a1e partie. La tribune moderne (IV, 560 p.)
600 1 7 _aChateaubriand, François-René,
_cvicomte de,
_d1768-1848-
_xCrítica e interpretación
_2
_9126469
852 _aES-MaACL
_jG-12347
_z-- Enc. hol.
999 _c167628
_d167628